MDQL
is popping MORE tags! Check the
thread
!
Quizzes
Events
Quiz Creation
Community
Videos
Private Events
Remove Ads
Sign In
Join for FREE
Feedback
Dark Mode
Quiz Categories
Sports
Geography
Music
Movies
Television
Just For Fun
Miscellaneous
History
Literature
Language
Science
Gaming
Entertainment
Religion
Holiday
For Kids
Quiz Lab
Recent
Popular Today
Quiz Kudos Today
Editor Picks
Curator Picks
Quizzes by...
Day
Popularity
Type
Ratings
Length
Year
Community
Subscriptions
Recent Discussions
Orange Saloon
Badges
Playlists
Quests
Create
Leaderboards
Showdown
Live 5
Trivia Bingo
Activity
Puzzle Library
Sporcle Events
Private Events
Virtual Trivia
Globe League
Become a Host
Pub Owners
SporcleCon
Opinionation
Our Games
Videos
Blog
Mobile Apps
Partnerships
Remove Ads and Go Orange
Feedback
Television
TV Characters
TV Show
Sitcom
Network
Friends
Reality Shows
Cast
South Park
Star Trek
The Simpsons
Doctor Who
Television
TV Characters
TV Show
Sitcom
Network
Friends
Reality Shows
Cast
South Park
Star Trek
The Simpsons
Doctor Who
Random Quiz
Search Sporcle
×
Quiz Lab
Quiz Lab
Television
old
Type answers based on single images at one time
Type answers based on single images at one time
Slideshow
Best Score? Go Orange.
SNL Sketches by Photo Stats
Can you name the SNL sketches by their photos?
By
qlh27
4m
20 Questions
761 Plays
761 Plays
761 Plays
Comments
Comments
Give Quiz Kudos
Give Quiz Kudos
-
- Ratings
hide this ad
Replay
Link that replays current quiz
Next Quiz
Link to next quiz in quiz playlist
You Got
0%
They Got
Avg Score
51%
Avg Friend Score
Upgrade to see
Score Distribution
Jump to the score distribution portion of the page
Score
0/20
Timer
04:00
0
Plays Today
% Correct
Church Lady
94.1%
Coneheads
94.1%
Wayne's World
86.9%
Debbie Downer
79.2%
Celebrity Jeopardy
77.8%
Spartan Cheerleaders
74.6%
More Cowbell
72.7%
Mary Katherine Gallagher
67.8%
The Superfans
62.2%
Target Lady
61.9%
% Correct
Gilly
54.8%
Baba Wawa
45.6%
Barry Gibb Talk Show
36.1%
Gap Girls
34.2%
The Nerds
30.4%
Sweeney Sisters
18.8%
The Culps
13.9%
Kaitlin
8.5%
Morning Latte
7.4%
Leg Up
5.5%
Quiz Playlist
Details
Report
Send in Message
Add To Playlist
Slideshow:
Type answers based on single images at one time
Last Updated: Oct 15, 2019
Quiz Scoreboard
CHALLENGE
Sign Up to Join the Scoreboard
Show All
Scores
Hide
Comments
May contain spoilers
Recently Published
Image Sorting: Flags VI
by Barbecue
Geography
2m
Find the 'City' Movie
by crazypaving
Movies
60s
5x2 Blitz: Bands
by SL_Kpop136
Music
30s
More to Explore
Quiz From the Vault
Featured Blog Post
14 Easter Pick-up Lines to Find Eggs With
hide this ad
You Might Also Like...
Tags
New York
old
sketch
skit
snl
SNL Alumni
SNL Cast
SNL Characters
Today's Top Quizzes in Television
Browse Television
hide this ad
Today's Top Quizzes in old
Browse old
Top Contributed Quizzes in Television
1
Survivor Journey Challenge
2
Brooklyn Nine Nine Logic Puzzle (How-To-Play)
3
Total Drama Characters
4
Phoebe Buffay Quotes
5
Survivor Heroes vs. Villains Logic Puzzle
6
Adjectives in 00s TV Shows
7
Survivor Trivia
8
Game of Thrones: Tywin Lannister Start to Finish
9
Emmerdale Characters (from August 2012)
10
Survivor Logic Puzzle: Heroes vs. Villains
Explore More
Trending Topics
NBA
Crossword
Anime
Harry Potter
Marvel
Kpop
Disney
Country
The Office
Pokémon
WWE
Song
Soccer
NFL
Puzzle
hide this ad
More By:
qlh27
Quiz
Plays
Rating
Category
Featured
Created
Pixar Movies by Opening Scene
151,017
4.70
Movies
Dec 17, 2015
25 Years of Television Endings
105,363
4.49
Television
Apr 24, 2016
Same Named Celebrities by Picture
88,350
4.47
Entertainment
Dec 17, 2015
Click a Quentin Tarantino Film
85,729
4.60
Movies
Aug 28, 2017
Same Name as a Cartoon Character
69,566
4.58
Entertainment
Feb 17, 2016
Go to Creator's Profile
Score Distribution
Quiz Creator Spotlight
qlh27
Follow
Send a Message
Quizzes Created
-
Created Quiz Play Count
-
More By This Creator
Popular Quizzes Today
1
Colored Red Africa Blitz
2
Find the US States - No Outlines Minefield
3
Find the 'City' Movie
4
5x2 Blitz: Bands
5
The Countries of the World
6
Find the US States
7
Find the Countries of Europe - No Outlines Minefield
8
US States
More Television Quizzes
Acrostic Rugrats
Curator's Pick
Trending Quizzes
Colored Red Europe Blitz I
Colored Red Europe Blitz II
Colored Red Africa Blitz II
Colored Red Europe Blitz III
Colored Red Africa Blitz III
Recently Updated
How Do You Spell That?
pecheneg
Godzilla Movies
pecheneg
Grab Bag: 4-10 Letters
pecheneg
2024 March Madness Bracket
pecheneg
Famous TV Couples
Peacemaker
Champions League XIs: Real Madrid
pecheneg
Largest US Cities 1790-2010
pecheneg
Rides in Walt Disney World
pecheneg
Most Oscar Losses (Acting)
pecheneg
Beyoncé Albums
pecheneg
Trending Topics
Kpop
NBA
Crossword
Anime
Marvel
Harry Potter
Disney
WWE
Song
Puzzle
Soccer
Pokémon
NFL
The Office
Country
Your Account Isn't Verified!
In order to create a playlist on Sporcle, you need to verify the email address you used during registration. Go to your
Sporcle Settings
to finish the process.
Report this User
Report this user for behavior that violates our
Community Guidelines
.
Details:
Send Report
Go to the Sporcle.com Mobile Site →
Comments